| LEADER | 00873cam a2200253 a 4500 | ||
|---|---|---|---|
| 001 | u486482 | ||
| 003 | SIRSI | ||
| 008 | 911205s2001 my a t 00 10 eng m | ||
| 035 | |a ACQ-5098 | ||
| 040 | |a UMM | ||
| 043 | |a a-my-pa | ||
| 090 | |a QK545 |b M4Gun | ||
| 100 | 1 | 0 | |a Gunaseelan, G. Gunasingam A. |
| 245 | 1 | 0 | |a Moss flora of Cameron Highlands / |c G. Gunaseelan A. Gunasingam. |
| 260 | |c 2001. | ||
| 300 | |a xii, 587 leaves : |b ill., maps ; |c 30 cm. | ||
| 502 | |a Dissertation (M.Sc.) -- Jabatan Botani, Fakulti Sains, Universiti Malaya, 2001. | ||
| 504 | |a Includes bibliographical references. | ||
| 650 | 0 | |a Mosses |z Pahang |z Cameron Highland | |
| 650 | 0 | |a Mosses |z Malaysia. | |
| 710 | 2 | 0 | |a Universiti Malaya. |b Jabatan Botani. |
| 948 | |a 11/08/2001 |b 13/05/2002 | ||
| 596 | |a 1 | ||
| 999 | |a QK545 M4GUN |w LC |c 1 |i A510576228 |d 21/1/2009 |e 21/1/2009 |l STACKS |m P01UTAMA |n 1 |r Y |s Y |t TESIS |u 22/5/2002 | ||
